Online katalóg knižníc regiónu Turca

Smrť ministra ; Ministrova smrť (Record no. 21409)

MARC details
000 -LEADER
fixed length control field 03631cam a2200877 a 4500
001 - CONTROL NUMBER
control field 21409
003 - CONTROL NUMBER IDENTIFIER
control field VRT
005 - DATE AND TIME OF LATEST TRANSACTION
control field 20260228144926.0
006 - FIXED-LENGTH DATA ELEMENTS--ADDITIONAL MATERIAL CHARACTERISTICS
fixed length control field g g vl
008 - FIXED-LENGTH DATA ELEMENTS--GENERAL INFORMATION
fixed length control field 240318s2011 xo g 000 0bslo
015 ## - NATIONAL BIBLIOGRAPHY NUMBER
National bibliography number SNBA2012/04-02242
020 ## - INTERNATIONAL STANDARD BOOK NUMBER
International Standard Book Number 9788081280306
Qualifying information (viaz)
035 ## - SYSTEM CONTROL NUMBER
System control number BD13691A-1857-4A99-82F6-EC4531FF02B0
035 ## - SYSTEM CONTROL NUMBER
System control number urn:nbn:sk:snk-amjjfq
035 ## - SYSTEM CONTROL NUMBER
System control number urn:nbn:sk:snk-am000xae
039 #9 - LEVEL OF BIBLIOGRAPHIC CONTROL AND CODING DETAIL [OBSOLETE]
Level of rules in bibliographic description 202403181707
Level of effort used to assign nonsubject heading access points VLOAD
Level of effort used to assign subject headings 202109290925
Level of effort used to assign classification AUTHORITY
Level of effort used to assign subject headings 202103091034
Level of effort used to assign classification AUTHORITY
Level of effort used to assign subject headings 202103081403
Level of effort used to assign classification msnk162
040 ## - CATALOGING SOURCE
Original cataloging agency SVKBB
Language of cataloging slo
Transcribing agency SVKBB
Modifying agency SNK
Description conventions AACR2
041 0# - LANGUAGE CODE
Language code of text/sound track or separate title slo
043 ## - GEOGRAPHIC AREA CODE
Geographic area code e-xo---
-- e-cs---
044 ## - COUNTRY OF PUBLISHING/PRODUCING ENTITY CODE
MARC country code xo
ISO country code SK
072 #7 - SUBJECT CATEGORY CODE
Subject category code 821.162.4
Subject category code subdivision Slovenská literatúra
Source konspekt
072 #7 - SUBJECT CATEGORY CODE
Subject category code 929
Subject category code subdivision Biografie
Source konspekt
080 ## - UNIVERSAL DECIMAL CLASSIFICATION NUMBER
Universal Decimal Classification number 32-051
Edition identifier 2001
080 ## - UNIVERSAL DECIMAL CLASSIFICATION NUMBER
Universal Decimal Classification number 821.162.4-31
Edition identifier 2001
080 ## - UNIVERSAL DECIMAL CLASSIFICATION NUMBER
Universal Decimal Classification number (0:82-312.6)
Edition identifier 2001
080 ## - UNIVERSAL DECIMAL CLASSIFICATION NUMBER
Universal Decimal Classification number 343.1:32
Edition identifier 2001
080 ## - UNIVERSAL DECIMAL CLASSIFICATION NUMBER
Universal Decimal Classification number 354.11-051
Edition identifier 2001
080 ## - UNIVERSAL DECIMAL CLASSIFICATION NUMBER
Universal Decimal Classification number (437.6)
Edition identifier 2001
080 ## - UNIVERSAL DECIMAL CLASSIFICATION NUMBER
Universal Decimal Classification number (0:82-2)
Edition identifier 2001
080 ## - UNIVERSAL DECIMAL CLASSIFICATION NUMBER
Universal Decimal Classification number (437)
Edition identifier 2001
100 1# - MAIN ENTRY--PERSONAL NAME
Personal name Jurík, Ľuboš,
Dates associated with a name 1947-2021
Relationship aut
245 10 - TITLE STATEMENT
Title Smrť ministra ; Ministrova smrť
Remainder of title noc pred popravou Vladimíra Clementisa
Statement of responsibility, etc. Ľuboš Jurík
250 ## - EDITION STATEMENT
Edition statement [1. vyd.]
260 ## - PUBLICATION, DISTRIBUTION, ETC.
Place of publication, distribution, etc. Martin
Name of publisher, distributor, etc. Matica slovenská
Date of publication, distribution, etc. 2011
300 ## - PHYSICAL DESCRIPTION
Extent 310 s.
Dimensions 23 cm
Accompanying material 1 DVD
500 ## - GENERAL NOTE
General note Biogr. údaje
500 ## - GENERAL NOTE
General note Dokument obsahuje 2 diela
600 17 - SUBJECT ADDED ENTRY--PERSONAL NAME
Personal name Clementis, Vladimír,
Dates associated with a name 1902-1952
Source of heading or term SNKMA
648 #7 - SUBJECT ADDED ENTRY--CHRONOLOGICAL TERM
Chronological term 20. storočie
Source of heading or term SNK
648 #7 - SUBJECT ADDED ENTRY--CHRONOLOGICAL TERM
Chronological term 20th century
Source of heading or term SNKPHeng
650 07 - SUBJECT ADDED ENTRY--TOPICAL TERM
Topical term or geographic name entry element politici
Source of heading or term SNKPH
650 07 - SUBJECT ADDED ENTRY--TOPICAL TERM
Topical term or geographic name entry element Politicians
Source of heading or term SNKPHeng
650 07 - SUBJECT ADDED ENTRY--TOPICAL TERM
Topical term or geographic name entry element politické súdne procesy
Source of heading or term SNKPH
650 07 - SUBJECT ADDED ENTRY--TOPICAL TERM
Topical term or geographic name entry element Political trials
Source of heading or term SNKPHeng
650 07 - SUBJECT ADDED ENTRY--TOPICAL TERM
Topical term or geographic name entry element Ministers of foreign affairs
Source of heading or term SNKPHeng
650 07 - SUBJECT ADDED ENTRY--TOPICAL TERM
Topical term or geographic name entry element ministri zahraničia
Source of heading or term SNKPH
651 #7 - SUBJECT ADDED ENTRY--GEOGRAPHIC NAME
Geographic name Československo
Source of heading or term SNKPHgeo
651 #7 - SUBJECT ADDED ENTRY--GEOGRAPHIC NAME
Geographic name Slovensko
Source of heading or term SNKPHgeo
651 #7 - SUBJECT ADDED ENTRY--GEOGRAPHIC NAME
Geographic name Czechoslovakia
Source of heading or term SNKPHeng
651 #7 - SUBJECT ADDED ENTRY--GEOGRAPHIC NAME
Geographic name Slovakia
Source of heading or term SNKPHeng
655 #7 - INDEX TERM--GENRE/FORM
Genre/form data or focus term slovenské romány
Source of term SNKPH
655 #7 - INDEX TERM--GENRE/FORM
Genre/form data or focus term Slovak fiction
Source of term SNKPHeng
655 #7 - INDEX TERM--GENRE/FORM
Genre/form data or focus term Biographical novels
Source of term SNKPHeng
655 #7 - INDEX TERM--GENRE/FORM
Genre/form data or focus term biografické romány
Source of term SNKPH
655 #7 - INDEX TERM--GENRE/FORM
Genre/form data or focus term Theater plays
Source of term SNKPHeng
655 #7 - INDEX TERM--GENRE/FORM
Genre/form data or focus term divadelné hry
Source of term SNKPH
740 02 - ADDED ENTRY--UNCONTROLLED RELATED/ANALYTICAL TITLE
Uncontrolled related/analytical title Ministrova smrť
942 ## - ADDED ENTRY ELEMENTS (KOHA)
Source of classification or shelving scheme Dewey Decimal Classification
Koha item type Krásna literatúra pre dospelých
Suppress in OPAC No
949 ## - LOCAL PROCESSING INFORMATION (OCLC)
6 273K0536193
a svkpoB 85893a
b svkpo541300
o CD uložené na Námestí mládeže (iba na požiadanie)
r Príl.: 1 CD, požičané bez CD
949 ## - LOCAL PROCESSING INFORMATION (OCLC)
6 2889172664
a savukS 149392
b savuk2012/375
q Skontrolovať vrátenie 1 DVD
r Obsahuje 1 DVD
949 ## - LOCAL PROCESSING INFORMATION (OCLC)
6 17A0798477
a snkSC 147703
b snk2012/594
o 2822/11
q Príloha: 1 DVD
r Príloha: 1 DVD
949 ## - LOCAL PROCESSING INFORMATION (OCLC)
6 17A0798476
a snkSC 147703/príl.
b snk2012/594
p Príloha
q Príloha: 1 DVD
r Príloha: 1 DVD
949 ## - LOCAL PROCESSING INFORMATION (OCLC)
6 17A0798475
a snkSC 147703 D1
b snk2012/595
o 2822/11
q Príloha: 1 DVD
r Príloha: 1 DVD
s 6100:20210923
949 ## - LOCAL PROCESSING INFORMATION (OCLC)
6 17A0798474
a snkSC 147703/príl. D1
b snk2012/595
p Príloha
q Príloha: 1 DVD
r Príloha: 1 DVD
949 ## - LOCAL PROCESSING INFORMATION (OCLC)
6 273K0536801
a svkpoB 85893b
b svkpo542366
o CD uložené na Námestí mládeže (iba na požiadanie)
r Príl.: 1 CD, požičané bez CD
949 ## - LOCAL PROCESSING INFORMATION (OCLC)
6 0133096760
a snmk
b snmk2012/96760
949 ## - LOCAL PROCESSING INFORMATION (OCLC)
6 273K0535573
a svkpoB 85893
b svkpo540690
o CD uložené na Námestí mládeže (iba na požiadanie)
r Príl.: 1 CD, požičané bez CD
949 ## - LOCAL PROCESSING INFORMATION (OCLC)
6 270001000395432
9 1 voľ. príl. DVD
a svkbbB 47336
b svkbbm 723479
949 ## - LOCAL PROCESSING INFORMATION (OCLC)
6 273K0551187
a svkpoB 87985
b svkpo553862
o DVD uložené na Námestí mládeže 1 (iba na požiadanie)
r Príl.: 1 DVD, požičané bez DVD
980 ## - EQUIVALENCE OR CROSS-REFERENCE-SERIES STATEMENT--PERSONAL NAME/TITLE [LOCAL, CANADA]
Personal name 821.162.4-31
980 ## - EQUIVALENCE OR CROSS-REFERENCE-SERIES STATEMENT--PERSONAL NAME/TITLE [LOCAL, CANADA]
Personal name 929
980 ## - EQUIVALENCE OR CROSS-REFERENCE-SERIES STATEMENT--PERSONAL NAME/TITLE [LOCAL, CANADA]
Personal name (0:82-312.6)
980 ## - EQUIVALENCE OR CROSS-REFERENCE-SERIES STATEMENT--PERSONAL NAME/TITLE [LOCAL, CANADA]
Personal name 32-051
980 ## - EQUIVALENCE OR CROSS-REFERENCE-SERIES STATEMENT--PERSONAL NAME/TITLE [LOCAL, CANADA]
Personal name 354.11-051
Holdings
Stav vyradenia Strata Poškodenie Spôsob nadobudnutia Domovská knižnica Aktuálna knižnica Dátum nadobudnutia Total checkouts Čiarový kód exemplára Date last seen Typ exemplára
      Dar Obecná knižnica Horná Štubňa Obecná knižnica Horná Štubňa 28.02.2026   4736201597 28.02.2026 Krásna literatúra pre dospelých
Projekt je podporený Slovenskou asociáciou knižníc
Prevádzkuje Turčianska knižnica Martin 2026